000 00357nam a2200145Ia 4500
008 260330s9999 xx 000 0 und d
020 _a9.7893901133e+012
082 _a658.049
_bASW/I
100 _aAswathappa, K.
245 0 _aInternational Business
250 _a7th
260 _aChennai
_bMcGraw Hill Education
_c2025
300 _a816p.
942 _cBK
999 _c52872
_d52872